000 00732nam a2200229 a 4500
001 710
003 BR-CuiBMT
005 20231129134802.0
008 231114s1997 mgb | 000 0 por d
040 _aBR-CuiBMT
_cBR-CuiBMT
080 _22007
_a342:340.5
090 _a342:340.5
_bF565d
_c3. ed.
100 _aFiuza, Ricardo Arnaldo Malheiros
_d1937-2019
245 _aDireito constitucional comparado /
_cRicardo Arnaldo Malheiros Fiuza.
250 _a3. ed., rev., atual. e ampl.
260 _aBelo Horizonte :
_bLivraria Del Rey,
_c1997.
300 _a368 p. ;
_c22 cm
504 _ainclui bibliografia.
650 _aDireito constitucional
_zBrasil
650 _aDireito comparado
_xPoder judiciário
_zBrasil
942 _2udc
_cLV
999 _c710
_d710